| 000 | 00738nam a2200205 i 4500 | ||
|---|---|---|---|
| 001 | 63043 | ||
| 003 | ES-MaACL | ||
| 005 | 20230906164756.0 | ||
| 007 | t| | ||
| 008 | 031127s1949 sp c |||| | spa d | ||
| 110 | 2 |
_aHemeroteca Nacional ( _cEspaña) _94563 |
|
| 245 | 1 | 0 |
_aCatálogo de los diarios y revistas existentes en la Hemeroteca Nacional / _cpor Ramón Fernández Pousa. |
| 260 |
_aMadrid : _b[s.n., _c1949] ( _fPablo López) |
||
| 300 |
_a118 p. ; _c21 cm. |
||
| 500 | _aPrecede al tít.: Subsecretaría de Educación Popular. Hemeroteca Nacional. | ||
| 610 | 2 | 4 |
_aHemeroteca Nacional (España)- _vCatálogos. _9162896 |
| 700 | 1 |
_aFernández Pousa, Ramón _950010 |
|
| 852 |
_aES-MaACL _jD-7835 |
||
| 999 |
_c63043 _d63043 |
||